000 00752cam5a220022900 4500
001 tmp15860901
003 UPRA
005 20190815110443.0
008 951107r1953 be fre u
035 _a(Sirsi) r47052
035 _a(UPRA)tmp15860901
040 _cUPRA
100 1 _aVanhove, F.
_6A5050.1
245 1 2 _aL'oeuvre d'education au Congo Belge et au Ruanda-Urundi.
260 _aBruxelles :
_bBieleveld,
_c[1953]
500 _aReprinted from Encyclopedie du Congo Belge.
650 0 _aEducation -- Congo (Kinshasa)
_zEducation -- Congo (Kinshasa)
_6S3607.1
650 0 _aEducation -- Ruanda-Urundi.
_zEducation -- Ruanda-Urundi.
_6S3608.1
949 _aLA1911
_wlcc
_i-58602
_mMAIN
_tBOOK
_lON-SHELF
004 47052
987 _aWITHDRAWN
999 _c69281
_d69281